000 00719nam a2200229 a 4500
001 7825
003 BB-RjUL
005 20211208234500.0
008 140116r19621941enk 000 0 eng d
035 _a(BD-RjUL)7869
040 _aBD-RjUL
_beng
_cBD-RjUL
041 _aeng
082 0 4 _216
_a510
_bBAR 1962
245 1 0 _aBarlow's tables of squares, cubes, square roots, cube roots, and reciprocals of all integers up to 12,500 /
_cedited by L. J. Comrie.
250 _a4th ed /
260 _aLondon :
_bE. & F. N. Spon,
_c1941 [reprinted 1960,1962]
300 _axii, 258 p. ;
_c22 cm.
650 0 _aMathematics
_vTables
_920965
650 0 _aMathematics.
_9154486
700 1 _aComrie, L. J.
_922910
942 _2ddc
_cBK
999 _c7825
_d7825